Die 20 beliebtesten Kuchenklassiker in Deutschland - Statistiken

Allgemein
  • Dieses Quiz wurde 157 mal gespielt
    107 seit der letzten Aktualisierung
  • Das Durchschnittsergebnis liegt bei 6 aus 20
Antwortstatistiken
Hint Antwort % Korrekt
1 Käsekuchen
74%
2 Apfelkuchen
66%
13 Marmorkuchen
58%
3 Streuselkuchen
50%
5 Bienenstich
48%
12 Erdbeerkuchen
48%
7 Schokoladenkuchen
45%
8 Donauwelle
43%
4 Zitronenkuchen
41%
16 Pflaumenkuchen
33%
10 Mohnkuchen
21%
15 Nusskuchen
18%
9 Baumkuchen
14%
11 Kalter Hund
14%
17 Sandkuchen
14%
6 Butterkuchen
11%
19 Obstkuchen
11%
18 Russischer Zupfkuchen
10%
20 Rhabarberkuchen
9%
14 Rührkuchen
4%
Keine übereinstimmenden Quizze gefunden
Verteilung der Resultate
Anzahl Personen mit jedem Resultat
Perzentil nach korrekt beantworteten Fragen
Ihre Resultats-Entwicklung
Sie haben dieses Quiz seit der letzten Aktualisierung nicht gespielt